Cities in California by picture - Statistics

General Stats
  • This quiz has been taken 36 times
    22 since last reset
  • The average score is 7 of 16
Answer Stats
Picture Answer % Correct
Los Angeles
100%
San Diego
89%
Sacramento
78%
San Francisco
78%
Fresno
56%
San Jose
50%
Bakersfield
39%
Oakland
39%
Long Beach
33%
San Bernardino
28%
Santa Barbara
28%
Santa Monica
28%
Eureka
22%
Redding
17%
Barstow
11%
Chula Vista
6%
No matching quizzes found
Score Distribution
Percent of People with Each Score
Percentile by Number Answered
Your Score History
You have not taken this quiz since the last reset